The urban world

Kaydedildi:
Detaylı Bibliyografya
Yazar: Palen, J. John
Materyal Türü: Kitap
Baskı/Yayın Bilgisi: McGraw-Hill 1997
Etiketler: Etiketle
Etiket eklenmemiş, İlk siz ekleyin!
Thư viện lưu trữ: Mạng thư viện Đại học Đà Nẵng
LEADER 00524nam a2200229 a 4500
001 000029146
003 14323
005 20171030145630.0
008 171030s1997
040 |a LTT 
082 0 |a 307.76  |b PA-J 
100 1 |a Palen, J. John 
245 0 0 |a The urban world  |c J. John Palen. 
260 |b McGraw-Hill  |c 1997 
500 |a ASIA 
OWN |a LTT 
999 |a From the UDN01 
TYP |a Monograph 
TYP |a Printed language 
980 |a Mạng thư viện Đại học Đà Nẵng